| 000 | 01167nam a2200289 4500 | ||
|---|---|---|---|
| 003 | OSt | ||
| 005 | 20260530115259.0 | ||
| 008 | 260507b1979 spaa|||| |||| 00| 0 spa d | ||
| 040 |
_aICI _bspa _cICI |
||
| 041 | _aspa | ||
| 050 |
_aNK1390 _b.S46 1979 |
||
| 100 | 1 |
_aLenin Oña Viteri _930889 |
|
| 111 |
_aSeminario Nacional del Diseño _930890 |
||
| 245 | 1 | 0 | _aMemorias Seminario Nacional de Diseño |
| 264 | 1 |
_bEd.l Universitaria U. Central Quito, Ecuador _c1980 |
|
| 300 |
_a224 páginas _bilustraciones ; |
||
| 336 |
_atexto _2rdacontent |
||
| 337 |
_asin medio _2rdamedia |
||
| 338 |
_avolumen _2rdacarrier |
||
| 500 | _aMemorias de ponencias y mesas de discusión sobre teoría y práctica del diseño en México. | ||
| 520 | _aRecopilación de conferencias, ensayos y debates presentados durante el Seminario Nacional del Diseño celebrado en México en 1979, enfocados en diseño industrial, gráfico y comunicación visual. | ||
| 650 |
_aIndustrial design _vCongresses _930891 |
||
| 650 |
_aGraphic arts _vCongresos _930892 |
||
| 650 |
_aDiseño gráfico _vCongresos _930893 |
||
| 650 |
_aComunicación visual _vCongresos. _930894 |
||
| 942 |
_2lcc _cBK _n1 |
||
| 999 |
_c12745 _d12745 |
||